logo

Bir Sreshtho Munshi Abdur Rouf Library
Jhenaidah Cadet College

E M Forster : (Record no. 7222)

MARC details
000 -LEADER
fixed length control field 00572nam a2200217 a 4500
001 - CONTROL NUMBER
JCCL Control Number 7222
003 - CONTROL NUMBER IDENTIFIER
JCCL marc code BD-JhCC
005 - DATE AND TIME OF LATEST TRANSACTION
control field 20180207131529.0
008 - FIXED-LENGTH DATA ELEMENTS--GENERAL INFORMATION
fixed length control field 180206s1977 ii |||| || | 000 0 eng d
035 ## - SYSTEM CONTROL NUMBER
system control number (BD-JhCC)7222
040 ## - CATALOGING SOURCE
Original cataloging agency BD-JhCC
Modifying agency BD-JhCC
041 ## - LANGUAGE CODE
Language code of Book eng
082 ## - DEWEY DECIMAL CLASSIFICATION NUMBER
Classification number 823.912
Author mark and Year MAR 1977
100 ## - MAIN ENTRY--PERSONAL NAME
Personal name Martin, John Sayre
245 ## - TITLE STATEMENT
Title E M Forster :
Remainder of title the endless journey /
Statement of responsibility, etc John Sayre Martin,
260 ## - PUBLICATION, DISTRIBUTION, ETC. (IMPRINT)
Place of publication, distribution, etc India :
Name of publisher, distributor, etc Vikas Publishing House Pvt Ltd,
Date of publication, distribution, etc 1977
300 ## - PHYSICAL DESCRIPTION
Pagination 174 p. :
Dimensions 24 cm.
650 ## - SUBJECT ADDED ENTRY--TOPICAL TERM
Topical term or geographic name as entry element Short Stories
942 ## - ADDED ENTRY ELEMENTS (KOHA)
Source of classification or shelving scheme Dewey Decimal Classification
Koha item type Books
Holdings
Source of classification or shelving scheme Damaged status Not for loan Home library Current library Shelving location Date of accession Total Checkouts Full call number Barcode Date last seen Copy number Koha item type
Dewey Decimal Classification     JCC Rouf Library JCC Rouf Library General Stacks 02/06/2018   823.912 MAR 1977 9608 02/06/2018 C-1 Books

JCC Library | Contacts | JCC Home

Last Update on 23 September 2017
Copyright @ 2017-2020 JCC Rouf Library
Rouf Library, Jhenidah Cadet College (JCC), Bangladesh